| 000 | 00988nam a2200301 4500 | ||
|---|---|---|---|
| 003 | OSt | ||
| 005 | 20260530115258.0 | ||
| 008 | 260505b1991 xxua|||| |||| 00| 0 eng d | ||
| 020 | _a9781878260017 | ||
| 040 |
_aICI _bspa _cICI |
||
| 041 | _aeng | ||
| 050 |
_aBF408 _bC74 |
||
| 100 | 1 |
_aGarcía John, David, _eautor _930772 |
|
| 245 | 1 | 0 |
_aCreative transformation : _ba practical guide for maximaizing creativity _cDavid García John |
| 264 | 1 |
_aEstados Unidos : _bWhitmore Publishing Company , _c1991 |
|
| 300 | _a462 páginas | ||
| 336 |
_atexto _2rdacontent |
||
| 337 |
_asin medio _2rdamedia |
||
| 338 |
_avolumen _2rdacarrier |
||
| 500 | _aGuía práctica para desarrollar y maximizar la creatividad personal y profesional | ||
| 650 | 4 | _aCreatividad | |
| 650 | 0 | _aDesarrollo personal | |
| 650 | 0 | _aPensamiento creativo | |
| 650 | 0 | _aSolución de problemas | |
| 650 | 0 |
_aAutoactualización (Psicología) _930777 |
|
| 655 |
_2local _aGuías prácticas |
||
| 942 |
_2lcc _cBK _n1 |
||
| 999 |
_c12704 _d12704 |
||